Atleti e stalloni /

সংরক্ষণ করুন:
গ্রন্থ-পঞ্জীর বিবরন
প্রধান লেখক: Karm, Robert (লেখক)
বিন্যাস: গ্রন্থ
ভাষা:ইতালিয়
প্রকাশিত: Roma : Editrice Cassia, [1977]
মালা:I libri di Gay Italia ; 3
ট্যাগগুলো: ট্যাগ যুক্ত করুন
কোনো ট্যাগ নেই, প্রথমজন হিসাবে ট্যাগ করুন!

MARC

LEADER 00000nam a22000007i 4500
001 IT\ICCU\UBO\3302601
003 ItRI
005 20260226160139.0
008 071017s1977 it |||||| ||||| |||||c
040 |b ita  |c ct 
041 7 |a ita  |2 ISO-639-2 
100 1 |a Karm, Robert  |0 IT\ICCU\MILV\276903  |4 aut 
245 1 0 |a Atleti e stalloni /  |c Robert Karm. 
260 |a Roma :  |b Editrice Cassia,  |c [1977] 
300 |a 120 p. :  |b ill. ;  |c 17 cm. 
830 2 |a I libri di Gay Italia ;  |v 3  |0 IT\ICCU\UBO\3302612 
942 |2 ddc  |c BK 
952 |0 0  |1 0  |2 ddc  |4 0  |6 B_LNR05KARROATL11  |7 0  |9 4636  |a MI  |b MI  |d 1987-06-25  |i 244  |l 0  |o B-LNR05-KARRO-ATL11  |p CDOM244  |r 2025-07-04 21:34:31  |w 2025-07-04  |x DONO  |y BK 
952 |0 0  |1 0  |4 0  |6 DOC_853_914000000000000_KAR  |7 0  |9 24649  |a BO  |b BO  |d 2026-01-15  |i 5531  |l 0  |o DOC 853.914 KAR  |p BO5531  |r 2026-01-15 23:23:42  |w 2026-01-15  |x [Sebina 5] [1 v.]  |y BK  |z 1 v. 
999 |c 3622  |d 3622